Sports Quiz

Random Sports or NFL Quiz
Score 0/15 Timer 05:00
0 Plays Today
Hint Answer % Correct
Passing Yards (Week 8)Peyton Manning
98.1%
Passing Yards (Week 8)Drew Brees
97.2%
Passing Yards (Week 8)Matthew Stafford
95.6%
Receiving Yards (Week 8)Calvin Johnson
94.9%
Passing Yards (Week 8)Matt Ryan
94.6%
Passing Yards (Week 8)Andy Dalton
92.4%
Rushing Yards (Week 8)Eddie Lacy
75.3%
Receiving Yards (Week 8)Jordy Nelson
74.9%
Hint Answer % Correct
Rushing Yards (Week 8)Alfred Morris
71.5%
Receiving Yards (Week 8)Josh Gordon
67.1%
Receiving Yards (Week 8)Marvin Jones
49.9%
Rushing Yards (Week 8)Terrelle Pryor
48.6%
Rushing Yards (Week 8)Zac Stacy
48.5%
Rushing Yards (Week 8)Andre Ellington
46.1%
Receiving Yards (Week 8)Kenny Stills
37%
Remove Ads.
Support Sporcle.
Get the best of Sporcle when you Go Orange. This ad-free experience offers more features, more stats, and more fun while also helping to support Sporcle. Thank you for becoming a member.

You're not logged in!

Compare scores with friends on all Sporcle quizzes.
OR
Log In

Show Comments

Extras

Top Quizzes Today


Score Distribution

Your Account Isn't Verified!

In order to create a playlist on Sporcle, you need to verify the email address you used during registration. Go to your Sporcle Settings to finish the process.

Report this User

Report this user for behavior that violates our Community Guidelines.

Details: